[Event "FRA-chT3 Gr06 0607"]
[Site "France"]
[Date "2007.03.18"]
[Round "7.1"]
[White "Lelong, Eric"]
[Black "Serralta, Michel"]
[Result "0-1"]
[WhiteElo "2041"]
[BlackElo "2115"]
[PlyCount "62"]
[EventDate "2006.10.15"]
[EventType "team-tourn"]
[EventRounds "9"]
[EventCountry "FRA"]
[SourceTitle "EXT 2008"]
[Source "ChessBase"]
[SourceDate "2007.11.25"]
[SourceVersion "1"]
[SourceVersionDate "2007.11.25"]
[SourceQuality "1"]
[WhiteTeam "Cherbourg Octeville"]
[BlackTeam "Brest"]
[WhiteTeamCountry "FRA"]
[BlackTeamCountry "FRA"]

1. e4 c5 2. c3 d5 3. exd5 Qxd5 4. d4 Nf6 5. Nf3 Bg4 6. dxc5 Qxd1+ 7. Kxd1 e5 8. b4 e4 9. h3 Bh5 10. g4 Nxg4 11. hxg4 Bxg4 12. Be2 exf3 13. Bb5+ Nc6 14. Re1+ Be7 15. Kc2 Kf8 16. Nd2 g5 17. Bxc6 bxc6 18. Nc4 f6 19. Nd6 Bxd6 20. cxd6 Re8 21. Be3 Kf7 22. Bxa7 Re2+ 23. Rxe2 fxe2 24. a4 h5 25. b5 cxb5 26. axb5 Bf3 27. b6 h4 28. Re1 h3 29. b7 Bxb7 30. Rxe2 h2 31. Re7+ Kg6 0-1

[Event "FRA-chT3 Gr06 0607"]
[Site "France"]
[Date "2007.02.11"]
[Round "6.1"]
[White "Lelong, Eric"]
[Black "Le Goff, Damien"]
[Result "0-1"]
[WhiteElo "2041"]
[BlackElo "2264"]
[PlyCount "89"]
[EventDate "2006.10.15"]
[EventType "team-tourn"]
[EventRounds "9"]
[EventCountry "FRA"]
[SourceTitle "EXT 2008"]
[Source "ChessBase"]
[SourceDate "2007.11.25"]
[SourceVersion "1"]
[SourceVersionDate "2007.11.25"]
[SourceQuality "1"]
[WhiteTeam "Cherbourg Octeville"]
[BlackTeam "Douarnenez"]
[WhiteTeamCountry "FRA"]
[BlackTeamCountry "FRA"]

1. e4 c5 2. Nf3 d6 3. d4 cxd4 4. Qxd4 Bd7 5. c4 Nc6 6. Qd2 Nf6 7. Nc3 e6 8. Be2 Be7 9. 0-0 0-0 10. b3 a6 11. Bb2 Qa5 12. Rfd1 Rfd8 13. Rac1 Rac8 14. a3 Qb6 15. b4 Ng4 16. Bf1 Nge5 17. Nxe5 dxe5 18. Ne2 Qa7 19. c5 b6 20. cxb6 Qxb6 21. Qe3 Qb7 22. Nc3 Nd4 23. Ne2 Ba4 24. Rxd4 exd4 25. Nxd4 Rxc1 26. Qxc1 Bf6 27. Qe3 Bxd4 28. Bxd4 Bb5 29. Bxb5 Qxb5 30. h3 e5 31. Bc5 f6 32. Qb3+ Kh8 33. Qf7 Qd7 34. Qh5 Qd1+ 35. Qxd1 Rxd1+ 36. Kh2 Kg8 37. a4 Rb1 38. Kg3 Kf7 39. a5 Rb3+ 40. f3 Ke6 41. Kf2 Kd7 42. Ke2 Ke8 43. Kd2 Rb2+ 44. Kc3 Rxg2 45. Be3 0-1

[Event "Agneaux St Lo op 09th"]
[Site "Agneaux"]
[Date "2005.02.18"]
[Round "5"]
[White "Lelong, Eric"]
[Black "Ruel, Christian"]
[Result "1-0"]
[WhiteElo "2024"]
[BlackElo "1760"]
[PlyCount "57"]
[EventDate "2005.02.16"]
[EventType "swiss"]
[EventRounds "6"]
[EventCountry "FRA"]
[SourceTitle "EXT 2006"]
[Source "ChessBase"]
[SourceDate "2005.11.24"]
[SourceVersion "1"]
[SourceVersionDate "2005.11.24"]
[SourceQuality "1"]

1. e4 d6 2. d4 Nf6 3. Nc3 g6 4. f3 c6 5. Be3 b5 6. Qd2 Nbd7 7. g4 Nb6 8. g5 Nfd7 9. f4 b4 10. Nd1 a5 11. c3 c5 12. Nh3 Bg7 13. Nhf2 Bb7 14. Bd3 Rc8 15. Rc1 e6 16. 0-0 0-0 17. e5 c4 18. Be4 d5 19. Bf3 Qe7 20. Ng4 b3 21. a3 a4 22. Bg2 Na8 23. Rf3 Nc7 24. Rh3 Rfd8 25. Qf2 Nb5 26. Ra1 Nf8 27. Nf6+ Kh8 28. Qh4 h5 29. Bf3 1-0

[Event "Agneaux St Lo op-A 08th"]
[Site "Agneaux"]
[Date "2004.02.18"]
[Round "7"]
[White "Lelong, Eric"]
[Black "Veron, Cyprien"]
[Result "0-1"]
[WhiteElo "2093"]
[BlackElo "2110"]
[PlyCount "80"]
[EventDate "2004.02.14"]
[EventType "swiss"]
[EventRounds "7"]
[EventCountry "FRA"]
[SourceTitle "EXT 2005"]
[Source "ChessBase"]
[SourceDate "2004.11.15"]
[SourceVersion "1"]
[SourceVersionDate "2004.11.15"]
[SourceQuality "1"]

1. b3 e5 2. Bb2 Nc6 3. e3 d5 4. Bb5 Bd6 5. f4 Qh4+ 6. g3 Qe7 7. Nf3 f6 8. Nc3 Be6 9. fxe5 fxe5 10. e4 d4 11. Nd5 Qd7 12. Qe2 a6 13. Bd3 Nh6 14. Ng5 Bg4 15. Qg2 Be7 16. Nxe7 Qxe7 17. h4 Nb4 18. 0-0 Nxd3 19. cxd3 0-0-0 20. Rac1 Rdf8 21. Rxf8+ Rxf8 22. Rf1 Rxf1+ 23. Qxf1 g6 24. Kg2 b5 25. Qc1 Bd7 26. Qf1 Ng4 27. Qf7 Qxf7 28. Nxf7 b4 29. Ng5 h6 30. Nh3 c5 31. Ng1 Kb7 32. Kf3 Kb6 33. Ke2 Kb5 34. Nf3 a5 35. Ke1 a4 36. Ke2 axb3 37. axb3 Be6 38. h5 g5 39. Ng1 Bxb3 40. Kf3 Bd1+ 0-1

[Event "Agneaux St Lo FIDE 06th"]
[Site "Agneaux"]
[Date "2002.07.15"]
[Round "7"]
[White "Lelong, Eric"]
[Black "Terrieux, Kevin"]
[Result "0-1"]
[WhiteElo "2010"]
[BlackElo "2160"]
[PlyCount "114"]
[EventDate "2002.07.09"]
[EventType "tourn"]
[EventRounds "9"]
[EventCountry "FRA"]
[SourceTitle "EXT 2003"]
[Source "ChessBase"]
[SourceDate "2002.11.25"]
[SourceVersion "1"]
[SourceVersionDate "2002.11.25"]
[SourceQuality "1"]

1. e4 c5 2. Nc3 Nc6 3. g3 g6 4. Bg2 Bg7 5. d3 d6 6. Be3 Nd4 7. Qd2 Rb8 8. Nd1 b5 9. c3 Nc6 10. d4 Qb6 11. Ne2 a5 12. 0-0 e5 13. d5 Nd8 14. f4 Qc7 15. Nf2 Nb7 16. Nh3 h6 17. Rf2 Nf6 18. f5 g5 19. Rff1 c4 20. Nf2 Nc5 21. h3 Nfd7 22. g4 f6 23. Ng3 Ba6 24. Rfb1 b4 25. Bf1 Na4 26. Ne2 Kf7 27. Qc2 Nac5 28. Nc1 Nb6 29. Nd1 h5 30. Nf2 hxg4 31. Nxg4 b3 32. Qg2 bxa2 33. Rxa2 a4 34. Nf2 Rh4 35. Be2 Bb7 36. Bf3 Bc8 37. Bg4 Bd7 38. Rba1 Nb3 39. Rb1 Bb5 40. Ra3 Nxc1 41. Rxc1 Nd7 42. Qf1 Nc5 43. Bxc5 Qxc5 44. Qe2 Rbh8 45. Kg2 Bf8 46. Nd1 Be7 47. Qe3 Qc7 48. Rca1 Qb7 49. Nf2 Bd8 50. Re1 Bb6 51. Qe2 Kf8 52. Rg1 Bc5 53. Rf1 Ke7 54. Ra2 Qb6 55. Raa1 Be8 56. Rh1 Qb3 57. Nd1 Bh5 0-1

[Event "Agneaux St Lo FIDE 06th"]
[Site "Agneaux"]
[Date "2002.07.13"]
[Round "5"]
[White "Lelong, Eric"]
[Black "Coursaget, Nicolas"]
[Result "1/2-1/2"]
[WhiteElo "2010"]
[BlackElo "2230"]
[PlyCount "101"]
[EventDate "2002.07.09"]
[EventType "tourn"]
[EventRounds "9"]
[EventCountry "FRA"]
[SourceTitle "EXT 2003"]
[Source "ChessBase"]
[SourceDate "2002.11.25"]
[SourceVersion "1"]
[SourceVersionDate "2002.11.25"]
[SourceQuality "1"]

1. e4 d6 2. g3 Nf6 3. Bg2 e5 4. d3 Be7 5. Nf3 0-0 6. 0-0 Nbd7 7. c3 Re8 8. b4 c6 9. a3 a5 10. Bb2 d5 11. Nbd2 Qb6 12. Qb3 h6 13. Ne1 axb4 14. axb4 Rxa1 15. Bxa1 dxe4 16. dxe4 c5 17. Nd3 cxb4 18. cxb4 Rd8 19. Nc4 Qb5 20. Ncxe5 Nxe5 21. Nxe5 Be6 22. Qb2 Qxb4 23. Qxb4 Bxb4 24. h3 Bc5 25. Bc3 b6 26. Kh2 Ne8 27. f4 f6 28. Nc6 Rd3 29. Rf3 Rd6 30. Nb4 Bxb4 31. Bxb4 Rd4 32. Ba3 Rxe4 33. f5 Bf7 34. Rf2 Re3 35. Bc1 Re1 36. Bf4 Bc4 37. Rb2 Re2 38. Rxe2 Bxe2 39. Be3 b5 40. Bd5+ Kh7 41. Bf4 g5 42. fxg6+ Kxg6 43. g4 Bd3 44. Kg3 Ng7 45. Kf3 f5 46. Bb3 fxg4+ 47. hxg4 Ne8 48. Ke3 Bb1 49. Kd4 Nf6 50. Bd1 b4 51. Kc4 1/2-1/2

[Event "Agneaux St Lo FIDE 06th"]
[Site "Agneaux"]
[Date "2002.07.11"]
[Round "3"]
[White "Lelong, Eric"]
[Black "Le Goff, Damien"]
[Result "1-0"]
[WhiteElo "2010"]
[BlackElo "1890"]
[PlyCount "47"]
[EventDate "2002.07.09"]
[EventType "tourn"]
[EventRounds "9"]
[EventCountry "FRA"]
[SourceTitle "EXT 2003"]
[Source "ChessBase"]
[SourceDate "2002.11.25"]
[SourceVersion "1"]
[SourceVersionDate "2002.11.25"]
[SourceQuality "1"]

1. e4 c5 2. Nc3 Nc6 3. g3 g6 4. Bg2 Bg7 5. d3 d6 6. Be3 Nf6 7. h3 Rb8 8. f4 Qb6 9. Rb1 0-0 10. Nge2 Nd7 11. f5 Nde5 12. 0-0 Qd8 13. Qd2 a6 14. g4 b5 15. Bh6 b4 16. Nd5 a5 17. Nxe7+ Qxe7 18. Bxg7 Re8 19. f6 Qa7 20. Qh6 Nd8 21. Bf8 Ne6 22. Bxd6 Rb5 23. Bxe5 c4+ 24. Bd4 1-0

[Event "Guingamp op 6th"]
[Site "Guingamp"]
[Date "2002.04.18"]
[Round "4"]
[White "Alanic, Mickael"]
[Black "Lelong, Eric"]
[Result "0-1"]
[WhiteElo "2143"]
[BlackElo "1980"]
[PlyCount "36"]
[EventDate "2002.04.16"]
[EventType "swiss"]
[EventRounds "7"]
[EventCountry "FRA"]
[SourceTitle "EXT 2003"]
[Source "ChessBase"]
[SourceDate "2002.11.25"]
[SourceVersion "1"]
[SourceVersionDate "2002.11.25"]
[SourceQuality "1"]

1. Nc3 d5 2. e4 c6 3. Qf3 dxe4 4. Nxe4 Nd7 5. d4 Ngf6 6. Bc4 e6 7. Ne2 Nxe4 8. Qxe4 Nf6 9. Qh4 Be7 10. Qg3 0-0 11. Bh6 Ne8 12. 0-0-0 Bh4 13. Qg4 e5 14. Qf3 e4 15. Qxe4 gxh6 16. Bd3 f5 17. Qf3 Be6 18. g3 Bd5 0-1

[Event "FRA-chT3 01"]
[Site "France"]
[Date "2001.04.01"]
[Round "9"]
[White "Lelong, Eric"]
[Black "Jolly, Jean Francois"]
[Result "0-1"]
[WhiteElo "2080"]
[BlackElo "1940"]
[PlyCount "64"]
[EventDate "2001.??.??"]
[EventType "team-tourn"]
[EventRounds "9"]
[EventCountry "FRA"]
[SourceTitle "EXT 2002"]
[Source "ChessBase"]
[SourceDate "2001.11.25"]
[SourceVersion "1"]
[SourceVersionDate "2001.11.25"]
[SourceQuality "1"]
[WhiteTeam "Equeurdreville"]
[BlackTeam "Fouesnant"]
[WhiteTeamCountry "FRA"]
[BlackTeamCountry "FRA"]

1. d4 f5 2. e4 fxe4 3. Nc3 Nf6 4. Bg5 e6 5. f3 exf3 6. Nxf3 Be7 7. Bd3 0-0 8. 0-0 Qe8 9. Ne5 d6 10. Ng4 Nbd7 11. Nb5 Bd8 12. Qf3 a6 13. Qh3 axb5 14. Nxf6+ Nxf6 15. Rxf6 Rxf6 16. Qxh7+ Kf8 17. Qh8+ Kf7 18. Qh5+ Ke7 19. Bg6 Qf8 20. Bxf6+ Qxf6 21. c3 Qf4 22. Rf1 Qe3+ 23. Kh1 d5 24. Qh8 Kd6 25. Qxd8+ Kc6 26. Qf8 b6 27. Be8+ Kb7 28. Qxg7 Rxa2 29. h4 Rxb2 30. h5 Qe2 31. Rf7 e5 32. Qxe5 Qxg2# 0-1

[Event "FRA-chT3 01"]
[Site "France"]
[Date "2001.03.31"]
[Round "8"]
[White "Barouillet, Franck"]
[Black "Lelong, Eric"]
[Result "1/2-1/2"]
[WhiteElo "1820"]
[BlackElo "2080"]
[PlyCount "47"]
[EventDate "2001.??.??"]
[EventType "team-tourn"]
[EventRounds "9"]
[EventCountry "FRA"]
[SourceTitle "EXT 2002"]
[Source "ChessBase"]
[SourceDate "2001.11.25"]
[SourceVersion "1"]
[SourceVersionDate "2001.11.25"]
[SourceQuality "1"]
[WhiteTeam "Brest"]
[BlackTeam "Equeurdreville"]
[WhiteTeamCountry "FRA"]
[BlackTeamCountry "FRA"]

1. d4 Nf6 2. c4 e5 3. dxe5 Ne4 4. Nf3 Nc6 5. e3 d6 6. Be2 Bf5 7. e6 fxe6 8. 0-0 Be7 9. Nbd2 g5 10. Nxe4 Bxe4 11. Nd4 Qd7 12. a3 0-0-0 13. b4 Kb8 14. Bb2 Nxd4 15. exd4 Bf6 16. Re1 Qg7 17. Bg4 Bf5 18. Bxf5 exf5 19. Qd3 Qg6 20. Re6 Rde8 21. Rae1 Rxe6 22. Rxe6 Re8 23. Rxe8+ Qxe8 24. Qe3 1/2-1/2

[Event "FRA-chT3 01"]
[Site "France"]
[Date "2000.11.19"]
[Round "3"]
[White "Guillet, Richard"]
[Black "Lelong, Eric"]
[Result "0-1"]
[WhiteElo "2030"]
[BlackElo "1950"]
[PlyCount "67"]
[EventDate "2001.??.??"]
[EventType "team-tourn"]
[EventRounds "9"]
[EventCountry "FRA"]
[SourceTitle "EXT 2002"]
[Source "ChessBase"]
[SourceDate "2001.11.25"]
[SourceVersion "1"]
[SourceVersionDate "2001.11.25"]
[SourceQuality "1"]
[WhiteTeam "Sautron"]
[BlackTeam "Equeurdreville"]
[WhiteTeamCountry "FRA"]
[BlackTeamCountry "FRA"]

1. e4 d5 2. exd5 Nf6 3. d4 Bg4 4. Bb5+ c6 5. dxc6 Qa5+ 6. Nc3 Nxc6 7. f3 Bf5 8. Bd2 0-0-0 9. Bxc6 bxc6 10. Nge2 e5 11. Ne4 Qb6 12. Nxf6 gxf6 13. Ng3 Bg6 14. Qe2 exd4 15. Ne4 f5 16. Nf2 Bg7 17. 0-0 d3 18. cxd3 Rhe8 19. Qd1 Rxd3 20. Qc2 Rd5 21. Rac1 Re2 22. Qxc6+ Qxc6 23. Rxc6+ Kd7 24. Bc3 Kxc6 25. Bxg7 Rdd2 26. Bc3 Rc2 27. Bd4 a6 28. Rd1 Red2 29. Rxd2 Rxd2 30. Bc3 Rc2 31. Nd3 Kb5 32. h4 a5 33. Kf1 a4 34. Ne1 0-1

[Event "Agneaux St Lo"]
[Site "Agneaux"]
[Date "2000.07.02"]
[Round "9"]
[White "Huisman, Hugues"]
[Black "Lelong, Eric"]
[Result "1/2-1/2"]
[WhiteElo "1790"]
[BlackElo "1990"]
[PlyCount "25"]
[EventDate "2000.06.26"]
[EventType "tourn"]
[EventRounds "9"]
[EventCountry "FRA"]
[SourceTitle "EXT 2003"]
[Source "ChessBase"]
[SourceDate "2002.11.25"]
[SourceVersion "1"]
[SourceVersionDate "2002.11.25"]
[SourceQuality "1"]

1. e4 d5 2. exd5 Nf6 3. d4 Bg4 4. Be2 Bxe2 5. Nxe2 Qxd5 6. 0-0 Nc6 7. Nbc3 Qh5 8. Nf4 Qxd1 9. Rxd1 0-0-0 10. Be3 e6 11. d5 Nxd5 12. Nfxd5 exd5 13. Rxd5 1/2-1/2

[Event "Agneaux St Lo"]
[Site "Agneaux"]
[Date "2000.06.27"]
[Round "2"]
[White "Lelong, Eric"]
[Black "Maupin, Jean Paul"]
[Result "0-1"]
[WhiteElo "1990"]
[BlackElo "2076"]
[PlyCount "105"]
[EventDate "2000.06.26"]
[EventType "tourn"]
[EventRounds "9"]
[EventCountry "FRA"]
[SourceTitle "EXT 2003"]
[Source "ChessBase"]
[SourceDate "2002.11.25"]
[SourceVersion "1"]
[SourceVersionDate "2002.11.25"]
[SourceQuality "1"]

1. d4 Nf6 2. Nc3 c5 3. dxc5 Na6 4. e4 Nxc5 5. e5 Ng8 6. Bc4 e6 7. Nf3 d5 8. exd6 Bxd6 9. Nb5 Bb8 10. Qxd8+ Kxd8 11. Be3 Ne4 12. Ng5 Nxg5 13. Bxg5+ Nf6 14. 0-0-0+ Ke7 15. Rhe1 Rd8 16. Rxd8 Kxd8 17. Nc3 h6 18. Bh4 g5 19. Bg3 Bxg3 20. hxg3 Bd7 21. Bb5 Bxb5 22. Nxb5 Ke7 23. Nc3 Rd8 24. Rd1 Rc8 25. Rd4 Rc5 26. Ne4 Nxe4 27. Rxe4 f5 28. Rb4 b6 29. Kd2 h5 30. Kd3 e5 31. c4 Ke6 32. Ra4 Rc7 33. b4 Rd7+ 34. Ke3 e4 35. Ra3 Ke5 36. f4+ gxf4+ 37. gxf4+ Ke6 38. Rc3 Rg7 39. Kf2 Rg4 40. g3 h4 41. gxh4 Rxf4+ 42. Kg3 Rg4+ 43. Kh3 Rg7 44. h5 Ke5 45. c5 Kd4 46. Rc1 bxc5 47. bxc5 e3 48. c6 e2 49. h6 Rh7 50. Kg3 Ke3 51. c7 Rxc7 52. Rxc7 e1Q+ 53. Kh3 0-1

[Event "Agneaux St Lo op 02nd"]
[Site "Agneaux"]
[Date "1998.??.??"]
[Round "?"]
[White "Olarasu, Gabriela"]
[Black "Lelong, Eric"]
[Result "1-0"]
[WhiteElo "2270"]
[BlackElo "1970"]
[PlyCount "85"]
[EventDate "1998.02.??"]
[EventType "swiss"]
[EventRounds "7"]
[EventCountry "FRA"]
[SourceTitle "EXT 2003"]
[Source "ChessBase"]
[SourceDate "2002.11.25"]
[SourceVersion "1"]
[SourceVersionDate "2002.11.25"]
[SourceQuality "1"]

1. Nf3 f5 2. g3 Nf6 3. Bg2 e6 4. d4 d5 5. c4 c6 6. 0-0 Be7 7. b3 0-0 8. Ba3 Bxa3 9. Nxa3 Qe7 10. Nc2 a5 11. a3 Na6 12. Ne5 Bd7 13. Qd2 Nc7 14. a4 Be8 15. c5 Bh5 16. f3 Nd7 17. Nxd7 Qxd7 18. Ne1 Ne8 19. Nd3 Nf6 20. Rfb1 Ra7 21. Rb2 Qe7 22. Qf4 Rc8 23. Rab1 Qc7 24. b4 axb4 25. Rxb4 Bf7 26. Qd2 Rb8 27. Ne5 Nd7 28. Nxd7 Qxd7 29. Qb2 Qc7 30. e3 Be8 31. Bf1 Bd7 32. Rb6 Bc8 33. Ba6 h6 34. Kf2 Kh8 35. a5 Kg8 36. Qb4 Kh8 37. Bxb7 Raxb7 38. a6 Rxb6 39. cxb6 Qd8 40. a7 Ra8 41. b7 Bxb7 42. Qxb7 Kh7 43. Rb2 1-0

[Event "Agneaux St Lo op 01st"]
[Site "Agneaux"]
[Date "1997.??.??"]
[Round "?"]
[White "Lelong, Eric"]
[Black "Radulov, Ivan"]
[Result "0-1"]
[WhiteElo "1880"]
[BlackElo "2400"]
[PlyCount "56"]
[EventDate "1997.02.??"]
[EventType "swiss"]
[EventRounds "7"]
[EventCountry "FRA"]
[SourceTitle "EXT 2003"]
[Source "ChessBase"]
[SourceDate "2002.11.25"]
[SourceVersion "1"]
[SourceVersionDate "2002.11.25"]
[SourceQuality "1"]

1. e4 e5 2. f4 Qh4+ 3. g3 Qe7 4. fxe5 d6 5. Nc3 dxe5 6. Bc4 Nf6 7. d3 Bg4 8. Nf3 Nc6 9. h3 Be6 10. Bb3 0-0-0 11. Ng5 Bxb3 12. axb3 h6 13. Nf3 Qe6 14. Be3 Bb4 15. Qe2 a6 16. 0-0-0 Rd7 17. Nh4 Nd4 18. Qf2 g5 19. Nf5 Nxf5 20. exf5 Qc6 21. Bd2 Rhd8 22. Rhe1 e4 23. Nxe4 Rxd3 24. Nc3 Bxc3 25. bxc3 R3d6 26. c4 Ne4 27. Rxe4 Qxe4 28. g4 Qd4 0-1